000 00395 a2200145 4500
999 _c4799
_d4799
020 _a0949932922
050 _aPL8681 MOY 1985
100 _aMoyo, A. Chiundura
_eAuthor
245 _aKuridza ngoma nedemo /
_cby A. Chiundura Moyo
264 _aHarare:
_bZimbabwe Publishing House,
_c1985
300 _a49p. :
500 _aShona novel
650 _afiction
_xShona
942 _2lcc
_cBK
_h8681
_iMOY
_kPL